01233nam a2200193 a 4500020001800000020001500018020001800033082001200051100002200063245007400085260002900159300000900188490003700197520066500234650003200899700002000931700002100951856006700972 a9780030183041 a0030183049 a5672027654321 a547 BRO1 aBrown, William H.13aStudy Guide and Problems Book for introduction to organic chemistry  aNew YorkbSaundersc1997 a580p1 aSaunders golden sunburst series. aThis book enables readers to see the connections in organic chemistry and understand the logic. Reaction mechanisms are grouped together to reflect logical relationships. Discusses organic chemistry as it is applied to real-world compounds and problems. Electrostatic potential plots are added throughout the text to enhance the recognition and importance of molecular polarity. Presents problems in a new “Looking-Ahead” section at the end of each chapter that show how concepts constantly build upon each other. Converts many of the structural formulas to a line-angle format in order to make structural formulas both easier to recognize and easier to dr achemistry,organic chemistry aIverson,Brent.L aIverson,Sheila.A uhttp://www.amazon.com/exec/obidos/ASIN/0030169143/chopaconline